| 000 | 00986nam a2200277 i 4500 | ||
|---|---|---|---|
| 001 | 000027439 | ||
| 003 | DO-SdBNP | ||
| 005 | 20241114085142.0 | ||
| 007 | ta | ||
| 008 | 110331s1992 dr bc r 000 0 spa d | ||
| 040 |
_aDO-SdBNP _bspa _cBNPHU _erda |
||
| 082 |
_axxxx _bM516s _222 |
||
| 100 | 1 |
_aMejía-Ricart G., Tirso, _d1936-2021 _q(Mejía-Ricart Guzmán) _eutor _91569 |
|
| 245 | 1 | 0 |
_aSanto Domingo ciudad primada : sus orígenes y evolución histórica : _bsus orígenes y evolución histórica / _cTirso Mejía-Ricart. |
| 264 |
_aSanto Domingo : _bAlfa y Omega, _c1992. |
||
| 300 |
_a49 páginas : _bilustraciones ; _c27 cm. |
||
| 336 |
_ardacontent _btexto _2txt |
||
| 337 |
_ardamedia _bsin mediación _2n |
||
| 338 |
_ardacarrier _bvolumen _2nc |
||
| 490 | 1 |
_aTemas Históricos _v3 |
|
| 504 | _aIncluye referencias bibliográficas y notas al pie de las páginas | ||
| 590 | _aInventariado, 2019/BT | ||
| 830 | 0 |
_aTemas Históricos _n3 _954508 |
|
| 910 | _aBT | ||
| 942 |
_2ddc _cLF2 |
||
| 999 |
_c26931 _d26931 |
||